000 00776nam a2200253 i 4500
001 bg
100 1 _aWitkowska, Dorota.
245 1 0 _aPodstawy ekonometrii i teorii prognozowania :
_bpodręcznik z przykładami i zadaniami /
_cDorota Witkowska.
250 _aWyd. 2.
260 _aKraków :
_bOficyna Ekonomiczna,
_c2006.
300 _a304 s. :
_bil. ;
_c24 cm.
650 9 _aEkonometria
650 9 _aPrognozy
655 _aPodręczniki akademickie
020 _a8374840293
040 _cBPK
041 _apol
044 _aPOL
080 _a330.43(07)
920 _a83-7484-029-3
942 _cKS
008 s pl f |000 0 pol
999 _c56008
_d56008
856 _uhttp://koha.tu.koszalin.pl/cgi-bin/koha/opac-detail.pl?biblionumber=56008
_yKatalog online BPK